Poesías líricas

محفوظ في:
التفاصيل البيبلوغرافية
المؤلف الرئيسي: Vega Carpio, Lope Félix de
التنسيق: كتاب
اللغة:Undetermined
منشور في: Madrid, España Espasa-Calpe 1966
الموضوعات:
الوسوم: إضافة وسم
لا توجد وسوم, كن أول من يضع وسما على هذه التسجيلة!

MARC

LEADER 00000nam a2200000Ia 4500
008 170316s9999 xx 000 0 und d
090 |a 862 V-15po 
100 |a Vega Carpio, Lope Félix de 
245 |a Poesías líricas 
260 |a Madrid, España 
260 |b Espasa-Calpe 
260 |c 1966 
300 |a 154 páginas 
650 |a LITERATURA ESPAÑOLA 
999 |c 25937  |d 25937 
040 |a cru BVZT 
942 |c 15 D  |h 862 V-15po  |2 z